| 000 | 00583nam a22001817a 4500 | ||
|---|---|---|---|
| 005 | 20250402143710.0 | ||
| 008 | 250402b |||||||| |||| 00| 0 eng d | ||
| 020 | _a9789361311772 | ||
| 041 | _aeng | ||
| 082 | _a174.4 MOH | ||
| 100 | _aMohapatra, Amiya Kumar | ||
| 245 | _aManagement Dynamics and Sustainable Practices | ||
| 260 |
_aNew Delhi _bBloomsbury _c2024 |
||
| 300 | _a216;. pages: 24 cm | ||
| 650 | _aCorporate Social Responsibility; Business Strategy; Leadership; Sustainability Management | ||
| 700 | _a Hiremath, Nandeesh V. and Tripathy, Sasikanta | ||
| 942 | _cBK | ||
| 999 |
_c43517 _d43517 |
||